Southville International School and Colleges
Your cart is empty.
  • Cart
  • Lists
    Public lists Eva Luna New books Lux_list list_1
    Your lists Log in to create your own lists
  • Log in to your account
  • Your cookies
  • Search history
Southville International School and Colleges
  • Advanced search
  • Recent comments
  • Most popular
  • Libraries

Log in to your account

Log in with GOOGLE


If you do not have an external account, but do have a local account, you can still log in:

  1. Home
  2. MARC view: How to speak dragonese (book 3)/.
Normal view MARC view ISBD view

How to speak dragonese (book 3)/. (Record no. 115116)

[ view plain ]
MARC details
000 -LEADER
fixed length control field 00800nam a2200217 a 4500
005 - DATE AND TIME OF LATEST TRANSACTION
control field 20140414132123.0
008 - FIXED-LENGTH DATA ELEMENTS--GENERAL INFORMATION
fixed length control field 130215s19uu xx 00 eng d
020 ## - INTERNATIONAL STANDARD BOOK NUMBER
International Standard Book Number 9780316156004
050 ## - LIBRARY OF CONGRESS CALL NUMBER
Classification number FIC
Item number Co874h 2005
100 ## - MAIN ENTRY--PERSONAL NAME
Personal name Cowell, Criselda
245 ## - TITLE STATEMENT
Title How to speak dragonese (book 3)/.
260 ## - PUBLICATION, DISTRIBUTION, ETC. (IMPRINT)
Place of publication, distribution, etc New York :
Name of publisher, distributor, etc Little Brown and Company,
Date of publication, distribution, etc 2005.
300 ## - PHYSICAL DESCRIPTION
Extent 223p.
440 ## - SERIES STATEMENT/ADDED ENTRY--TITLE
Title How to train your dragon.
520 ## - SUMMARY, ETC.
Summary, etc Recounts the further escapades of Hiccup Horrendous Haddock the Third as he continues his Viking training during which he escapes from a boatload of Roman soldiers and searches for his kidnapped dragon.
650 ## - SUBJECT ADDED ENTRY--TOPICAL TERM
Topical term or geographic name as entry element Vikings-
General subdivision juvenile fiction.
650 ## - SUBJECT ADDED ENTRY--TOPICAL TERM
Topical term or geographic name as entry element Dragons-
General subdivision fiction.
650 ## - SUBJECT ADDED ENTRY--TOPICAL TERM
Topical term or geographic name as entry element Vikings-
General subdivision fiction.
650 ## - SUBJECT ADDED ENTRY--TOPICAL TERM
Topical term or geographic name as entry element Humorous stories.
Holdings
Withdrawn status Lost status Damaged status Use restrictions Home library Current library Shelving location Date acquired Source of acquisition Cost, normal purchase price Total Checkouts Full call number Barcode Date last seen Price effective from Koha item type
        Munich Library Munich Library Fiction Section 02/15/2013   285.00   FIC Co874h 2005 M7118 04/14/2014 04/14/2014 Books

How to speak dragonese (book 3)/.

APA

Cowell C., . (2005). How to speak dragonese (book 3). New York: Little Brown and Company.

Chicago

Cowell Criselda, . 2005. How to speak dragonese (book 3). New York: Little Brown and Company.

Harvard

Cowell C., . (2005). How to speak dragonese (book 3). New York: Little Brown and Company.

MLA

Cowell Criselda, . How to speak dragonese (book 3). New York: Little Brown and Company. 2005.

  • Place hold
  • Print
  • Cite
  • Add to your cart (remove)
  • Save record
    BIBTEX Dublin Core MARCXML MARC (non-Unicode/MARC-8) MARC (Unicode/UTF-8) MARC (Unicode/UTF-8, Standard) MODS (XML) RIS
  • More searches
    Search for this title in:
    Other Libraries (WorldCat) Other Databases (Google Scholar) Online Stores (Bookfinder.com) Open Library (openlibrary.org)

Exporting to Dublin Core...

SOUTHVILLE LIBRARY

Southville International School and Colleges Library

1281 Tropical Ave. Cor. Luxembourg St., BF Homes International, Las Pinas City

Tel. No. 8256374 / 252358 Loc. 117/146

Powered by Koha